000
00324nam a22001457a 4500
008
210322b ||||| |||| 00| 0 eng d
020
_a
9781599712987
041
_a
eng
080
_a
616.31
082
_a
616.31
100
_a
5
101
_a
STO
245
_a
Breakthrough Dental Marketing
_c
Harris, J
942
_2
udc
_c
BK
999
_c
56627
_d
56627